Statistics for Historical Timeline of Slovakia

Click here to take the quiz!

General Stats

  • This quiz has been taken 130 times
  • The average score is 12 of 14

Answer Stats

YearHintAnswer% Correct
1918First C___________ RepublicFirst Czechoslovak Republic
94%
1993S_______Slovakia
94%
370H_____ EmpireHunnic Empire
93%
20R____ EmpireRoman Empire
91%
895Principality of H______Principality of Hungary
89%
1000Kingdom of H______Kingdom of Hungary
89%
1541O______ EmpireOttoman Empire
89%
1804A_______ EmpireAustrian Empire
87%
1945C_____________Czechoslovakia
85%
1867A______-H______Austria-Hungary
82%
1939G______Germany
76%
833Great Mo_____Great Moravia
74%
1526H_______ MonarchyHabsburg Monarchy
70%
567Av__ KhaganateAvar Khaganate
65%

Score Distribution

Percentile by Number Answered

Percent of People with Each Score

Your Score History

You have not taken this quiz